Top 5 US Baby Girl Names by Letter - 2021 - Statistics

General Stats
  • This quiz has been taken 647 times
  • The average score is 48 of 110
Answer Stats
Letter Names % Correct
O Olivia
87%
A Ava
82%
A Amelia
80%
E Emma
80%
I Isabella
80%
G Grace
78%
H Hannah
78%
C Charlotte
76%
E Ella
73%
Z Zoe
72%
L Lily
70%
E Evelyn
69%
E Elizabeth
68%
V Victoria
68%
O Olive
67%
C Chloe
66%
J Julia
66%
I Isabelle
65%
B Bella
64%
M Mia
64%
I Ivy
63%
N Nora
63%
W Willow
63%
H Harper
62%
A Abigail
61%
S Sophia
61%
I Isla
60%
M Madison
59%
R Rose
59%
V Violet
58%
A Aria
57%
N Natalie
57%
P Penelope
57%
F Fiona
55%
L Lucy
55%
Z Zara
55%
I Iris
53%
L Luna
53%
F Faith
52%
D Daisy
51%
F Freya
51%
G Gianna
51%
G Gabriella
49%
H Hailey
49%
L Leah
48%
M Maya
48%
M Mila
48%
D Diana
47%
E Eleanor
47%
R Riley
47%
R Ruby
47%
V Vivian
45%
L Layla
44%
C Caroline
43%
D Delilah
43%
H Hazel
43%
T Taylor
43%
B Brooklyn
42%
C Claire
40%
J Jade
40%
K Katherine
40%
N Natalia
40%
S Scarlett
40%
Z Zoey
40%
C Camila
38%
N Naomi
38%
S Stella
38%
J Josephine
36%
V Valerie
36%
N Nova
34%
W Willa
34%
K Kennedy
33%
P Paisley
33%
B Bailey
31%
B Brielle
31%
P Piper
31%
S Sofia
29%
A Aurora
28%
J Josie
28%
P Peyton
28%
G Genesis
27%
S Savannah
27%
P Parker
26%
K Kaylee
24%
V Valentina
24%
G Genevieve
23%
D Daniela
22%
H Hadley
22%
T Tessa
22%
F Finley
21%
K Kinsley
21%
T Trinity
21%
F Fatima
20%
J Juniper
20%
W Wren
20%
Z Zuri
20%
O Oakley
19%
W Winter
19%
D Delaney
18%
O Octavia
17%
B Blakely
16%
M Madelyn
15%
O Oaklynn
15%
T Teagan
14%
R Rylee
10%
T Tatum
10%
R Raelynn
7%
W Wynter
7%
Z Zariah
7%
K Kehlani
2%
No matching quizzes found
Score Distribution
Percent of People with Each Score
Percentile by Number Answered
Your Score History
You have not taken this quiz